|
|
|
|
| LEADER |
00000nab a2200000 a 4500 |
| 001 |
vtls001000948 |
| 003 |
SK-MaSNL |
| 005 |
20260303041123.0 |
| 008 |
040720e19930000xo 0 hun |
| 020 |
|
|
|a 9637765395
|
| 035 |
|
|
|a RV1548
|
| 040 |
|
|
|a RVGKPD
|b slo
|c RVGKPD
|e AACR2
|
| 041 |
0 |
|
|a slo
|
| 044 |
|
|
|a xo
|c SK
|
| 080 |
|
|
|a 894.511-051
|2 1981
|
| 245 |
0 |
0 |
|a Pray György
|
| 500 |
|
|
|a (pôsobenie)
|
| 590 |
|
|
|a Pray, György, 1723-1801
|b 11.6.1723 Nové Zámky-23.9.1801 Pest). Spisovateľ.
|
| 600 |
1 |
7 |
|a Pray, György
|d 1723-1801
|2 RVGKPD
|9 1025918
|
| 651 |
|
7 |
|a Rožňava (Slovensko)
|2 RVGKPD
|9 17394
|
| 655 |
|
7 |
|a kniha
|2 snkbucl
|9 884900
|
| 773 |
0 |
8 |
|t Magyar irodalmi lexikon
|d Budapest : Kassák Kiadó, 1993, S. 666
|x 9637765395
|
| 852 |
|
|
|a ZVYKNI
|b KIS3GCP
|
| 999 |
|
|
|c 1685321
|d 1687251
|